Boosk'Halloween-Menace Santana - Statistiques

Statistiques générales
  • Ce quiz a été pris 76 fois
  • Le résultat moyen est 246 sur 477
Statistiques - réponses
Réponse % Correct
à
92%
a
92%
ma
92%
trop
90%
ça
87%
est
87%
me
87%
elle
85%
fumé
85%
fume
85%
tout
85%
au
82%
de
82%
j'ai
82%
j'commence
82%
je
82%
la
82%
82%
le
79%
QG
79%
comme
77%
m'agiter
77%
mes
77%
pas
77%
toute
77%
toutes
77%
agitée
74%
avant
74%
capacités
74%
que
74%
et
74%
que
74%
des
72%
dés
72%
posée
72%
un
72%
va
72%
ce
69%
deux
69%
j'vais
69%
tes
69%
t'es
69%
tous
69%
tu
69%
affûter
67%
ta
67%
t'a
67%
bu
64%
c'est
64%
coup
64%
les
64%
bleu
62%
fais
62%
mais
62%
mec
62%
sur
62%
vices
62%
beauté
59%
connais
59%
j'suis
59%
en
59%
j'suis
59%
si
59%
j'la
56%
manqué
56%
on
56%
ton
56%
vas
56%
vois
56%
après
54%
j'les
54%
moi
54%
viva
54%
copine
51%
j'espère
51%
j'lui
51%
prend
51%
t'en
51%
attention
49%
coco
49%
dans
49%
du
49%
fait
49%
j't'ai
49%
mon
49%
potes
49%
qui
49%
venez
49%
avec
46%
bas
46%
bien
46%
city
46%
coucou
46%
flash
46%
plus
46%
bateau
44%
bavettes
44%
belle
44%
C2
44%
con's
44%
d'coco
44%
enchanté
44%
menti
44%
met
44%
pété
44%
peu
44%
qu'j'suis
44%
salopes
44%
soirée
44%
sous
44%
appelle
41%
base
41%
bouteille
41%
j'crois
41%
pour
41%
putain
41%
qu'elle
41%
son
41%
t'inquiète
41%
caisse
38%
casse
38%
début
38%
faut
38%
heures
38%
juste
38%
lances
38%
matin
38%
méchant
38%
nous
38%
qu'on
38%
souci
38%
toi
38%
une
38%
colmater
36%
dit
36%
donc
36%
elles
36%
fumer
36%
j'arrive
36%
lean
36%
mal
36%
s'imagine
36%
tellement
36%
buena
33%
fesses
33%
fous
33%
hôtel
33%
ils
33%
j'arrête
33%
j'finis
33%
l'barreau
33%
manteau
33%
matos
33%
mère
33%
savoir
33%
t'étonner
33%
ah
31%
bon
31%
depuis
31%
d'la
31%
doudou
31%
d'sa
31%
font
31%
l'heure
31%
m'étonnes
31%
noche
31%
oui
31%
papillons
31%
perdu
31%
toutou
31%
y'aura
31%
allume
28%
arrête
28%
buubuu
28%
cachés
28%
capuche
28%
c'que
28%
déconner
28%
ouais
28%
d'juter
28%
d'ma
28%
d'tétons
28%
faute
28%
flèches
28%
flipper
28%
gars
28%
gens
28%
j'oubliais
28%
j'veux
28%
m'attires
28%
montrer
28%
ont
28%
ouais
28%
pourquoi
28%
rien
28%
salaire
28%
sale
28%
salé
28%
suivi
28%
surexcité
28%
t'aurais
28%
tête
28%
vas-y
28%
adrenalean
26%
d'flash
26%
d'mater
26%
j'm'arrête
26%
l'air
26%
même
26%
pétasse
26%
plans
26%
quand
26%
qu'est
26%
qu'il
26%
route
26%
salades
26%
s'ras
26%
s'reprenne
26%
sucré
26%
suit
26%
aime
23%
as
23%
aujourd'hui
23%
claquer
23%
déplaner
23%
flashs
23%
Floride
23%
fois
23%
jamais
23%
j'connais
23%
l'feu
23%
mecs
23%
qu'j'ai
23%
rats
23%
s'rejoint
23%
troisième
23%
vaudou
23%
voyous
23%
chérie
21%
connaissent
21%
croyais
21%
d'aboyer
21%
encore
21%
faire
21%
Fleury
21%
j'grille
21%
kidnapper
21%
l'flash
21%
meuf
21%
moyens
21%
m'reste
21%
m'verras
21%
sont
21%
t'faire
21%
thunes
21%
barrettes
18%
bre-cham
18%
chaud
18%
d'enfoiré
18%
espèce
18%
filocher
18%
nettoyer
18%
qu'c'était
18%
t'balaye
18%
torride
18%
vaut
18%
effleuré
15%
j'mets
15%
peine
15%
salauds
15%
t'pé-ta
15%
viennent
15%
l'atmosphère
13%
mieux
13%
vu
13%
j'men
10%
bats
5%
couilles
5%
sses-fe
5%
s'voie
5%
Aucun quiz correspondant
Distribution des résultats
% des personnes avec chaque résultat
Percentile par nombre de réponses
Votre historique - résultats
Vous n’avez pas pris ce quiz